| 000 | 00344cam a22001097a 4500 | ||
|---|---|---|---|
| 008 | 180718b1966 xxu||||| |||| 00| 0 eng d | ||
| 082 | _aD6142 In2s | ||
| 245 |
_aThe Commonwealth Secretariat: a brief study _cby Lok Sabha Secretariat |
||
| 260 |
_aNew Delhi _bLok Sabha Secretariat _c1966 |
||
| 300 | _a43+p. | ||
| 700 | _aIndia. Lok Sabha Secretariat | ||
| 999 |
_c490249 _d490249 |
||